000 00500nam a22001937a 4500
008 240920b ag ||||| |||| 00| 0 spa d
020 _a978-950-23-1767-0
080 _a392.85
100 _aChejter, Silvia
_92431
245 _aLugar común
_bLa prostitución
260 _aBuenos Aires
_bEUDEBA
_c2010
300 _a150 p.
650 _aProstitución
_9702
650 _aSexualidad
_9325
650 _aExplotación sexual
_92432
650 _aViolencia
_91046
651 _2LEMB
_91736
999 _c3037
_d3037